Прогнозирование общераспространённых полезных ископаемых на территории Удмуртии Статья
Đã lưu trong:
| Tác giả chính: | |
|---|---|
| Định dạng: | Статья |
| Truy cập trực tuyến: | https://znanium.com/catalog/document?id=76270 https://znanium.com/cover/0494/494454.jpg |
| Các nhãn: |
Thêm thẻ
Không có thẻ, Là người đầu tiên thẻ bản ghi này!
|
| LEADER | 01204nam0a2200217 i 4500 | ||
|---|---|---|---|
| 001 | RU\infra-m\znanium\bibl\494454 | ||
| 003 | https://znanium.com/catalog/document?id=76270 | ||
| 005 | 20200302000000.0 | ||
| 100 | |a 20200302d2014 m y0rusy0150 ca | ||
| 101 | 0 | |a rus | |
| 102 | |a RU | ||
| 200 | 1 | |a Прогнозирование общераспространённых полезных ископаемых на территории Удмуртии |e Статья | |
| 210 | 1 | |a Ижевск |c ФГБОУ ВПО "Удмуртский Государственный университет" |d 2008 | |
| 215 | |a 7 с. | ||
| 333 | |a Аспирантура | ||
| 606 | |a Промышленность. Энергетика |x Горная промышленность. Металлургия |2 local | ||
| 608 | |a Статья |2 local | ||
| 700 | 1 | |a Сергеев |b А.В. | |
| 801 | 0 | |a RU |b Общество с ограниченной ответственностью «ЗНАНИУМ» |c 20141111 |2 rusmarc | |
| 856 | 4 | |a znanium.com |m ebs_support@infra-m.ru |n НИЦ ИНФРА-М |u https://znanium.com/catalog/document?id=76270 | |
| 856 | 4 | 1 | |a znanium.com |d /cover/0494 |f 494454.jpg |q image/jpeg |u https://znanium.com/cover/0494/494454.jpg |